Vista normal
Vista MARC
Entrada Topical Term
Número de registros utilizados en: 1
001 - CONTROL NUMBER
- control field: 43347
003 - CONTROL NUMBER IDENTIFIER
- control field: OSt
005 - DATE AND TIME OF LATEST TRANSACTION
- control field: 20240209180102.0
008 - FIXED-LENGTH DATA ELEMENTS
- fixed length control field: 240209|| aca||aabn | a|a d
040 ## - CATALOGING SOURCE
- Original cataloging agency: OSt
- Transcribing agency: OSt
150 ## - HEADING--TOPICAL TERM
- Topical term or geographic name entry element: Exploradores
- Form subdivision: Biografías
- Chronological subdivision: Siglo XVI
- Geographic subdivision: España
670 ## - SOURCE DATA FOUND
- Source citation: Work cat.: (OSt)30552: autor Arciniegas, Germán 14028, El caballero de el dorado, 2022